5HLuxD.jpg

KING HENRY VIII SENIOR AND PRIMARY SCHOOL LIBRARY OPAC

The way of shadows / (Record no. 979)

000 -LEADER
fixed length control field 01331cam a22003733i 4500
001 - CONTROL NUMBER
control field 18587809
003 - CONTROL NUMBER IDENTIFIER
control field OSt
005 - DATE AND TIME OF LATEST TRANSACTION
control field 20200218101210.0
007 - PHYSICAL DESCRIPTION FIXED FIELD--GENERAL INFORMATION
fixed length control field ta
008 - FIXED-LENGTH DATA ELEMENTS--GENERAL INFORMATION
fixed length control field 150423s2008 nyub 000 1 eng d
010 ## - LIBRARY OF CONGRESS CONTROL NUMBER
LC control number 2014472041
020 ## - INTERNATIONAL STANDARD BOOK NUMBER
International Standard Book Number 9780316033671 (pbk.)
035 ## - SYSTEM CONTROL NUMBER
System control number (OCoLC)ocn262687134
040 ## - CATALOGING SOURCE
Original cataloging agency NjBwBT
Language of cataloging eng
Transcribing agency JFN
Description conventions rda
Modifying agency JFN
-- UPZ
-- OCLCQ
-- HHO
-- CDX
-- OCLCQ
-- BDX
-- CNESP
-- CNKFP
-- UKM
-- BTCTA
-- BAKER
-- ZS3
-- YDXCP
-- OCP
-- Z87
-- OCLCF
-- OCLCO
-- RB0
-- OCLCO
-- DLC
042 ## - AUTHENTICATION CODE
Authentication code lccopycat
082 ## - DEWEY DECIMAL CLASSIFICATION NUMBER
Classification number FIC WEE
100 1# - MAIN ENTRY--PERSONAL NAME
Personal name Weeks, Brent,
Relator term author.
245 14 - TITLE STATEMENT
Title The way of shadows /
Statement of responsibility, etc. Brent Weeks.
250 ## - EDITION STATEMENT
Edition statement First edition.
264 #1 - PRODUCTION, PUBLICATION, DISTRIBUTION, MANUFACTURE, AND COPYRIGHT NOTICE
Place of production, publication, distribution, manufacture New York, NY :
Name of producer, publisher, distributor, manufacturer Orbit,
Date of production, publication, distribution, manufacture, or copyright notice October 2008.
300 ## - PHYSICAL DESCRIPTION
Extent 677 pages :
Other physical details map ;
Dimensions 18 cm.
336 ## - CONTENT TYPE
Content type term text
Source rdacontent
336 ## - CONTENT TYPE
Content type term cartographic image
Source rdacontent
337 ## - MEDIA TYPE
Media type term unmediated
Source rdamedia
338 ## - CARRIER TYPE
Carrier type term volume
Source rdacarrier
440 ## - SERIES STATEMENT/ADDED ENTRY--TITLE
Title Night angel trilogy ;
Number of part/section of a work 1
490 0# - SERIES STATEMENT
Series statement Fantasy Orbit
520 ## - SUMMARY, ETC.
Summary, etc. Determined to escape the Warrens, Azoth seeks out Durzo Blint, the city's most ruthless assassin, to persuade him to take him on as an apprentice and to teach him the deadly Way of Shadows.
650 #0 - SUBJECT ADDED ENTRY--TOPICAL TERM
Topical term or geographic name entry element Assassins
Form subdivision Fiction.
650 #0 - SUBJECT ADDED ENTRY--TOPICAL TERM
Topical term or geographic name entry element Fantasy fiction.
655 #7 - INDEX TERM--GENRE/FORM
Genre/form data or focus term Fantasy fiction.
906 ## - LOCAL DATA ELEMENT F, LDF (RLIN)
a 7
b cbc
c copycat
d 2
e ncip
f 20
g y-genrareb
942 ## - ADDED ENTRY ELEMENTS (KOHA)
Source of classification or shelving scheme
Koha item type Books - Fiction
Holdings
Withdrawn status Lost status Source of classification or shelving scheme Damaged status Not for loan Collection code Permanent Location Current Location Shelving location Date acquired Total Checkouts Full call number Barcode Date last seen Date last checked out Price effective from Koha item type
          Fiction KH8 Senior School Library KH8 Senior School Library Fiction 2020-02-18 4 FIC WEE 3KHSL000101721 2024-07-22 2021-04-13 2020-02-18 Books - Fiction

Powered By KH8 IT Dept